[Event "Bucharest Super Rapid op"]
[White "Tomici, Stefan"]
[Black "Carasca, Bogdan Petru"]
[Site "Bucharest"]
[Round "10"]
[Result "1-0"]
[Date "2022.05.01"]
[WhiteElo "2268"]
[BlackElo "2111"]
[PlyCount "109"]
[EventDate "2022.04.30"]
[EventType "swiss (rapid)"]
[EventRounds "10"]
[EventCountry "ROU"]
[SourceTitle "CBM 208 Extra"]
[Source "ChessBase"]
[SourceDate "2022.07.31"]
[SourceVersion "1"]
[SourceVersionDate "2022.07.31"]
[SourceQuality "1"]

1. e4 c5 2. Be2 d6 3. f4 Nf6 4. d3 g6 5. Nf3 Bg7 6. 0-0 0-0 7. Kh1 Nc6 8. Qe1 d5 9. e5 Ne8 10. c3 Bg4 11. Nbd2 f5 12. Nb3 b6 13. Be3 Nc7 14. h3 Bxf3 15. Bxf3 e6 16. a4 a5 17. Qf2 Rc8 18. d4 c4 19. Nd2 Qd7 20. b3 b5 21. Rfc1 cxb3 22. Nxb3 b4 23. Nc5 Qe7 24. Bd2 Rb8 25. Rcb1 bxc3 26. Bxc3 Nb4 27. Bxb4 axb4 28. Be2 Rfc8 29. a5 Nb5 30. Rxb4 Na7 31. Rb6 Nc6 32. Bb5 Nxd4 33. Qxd4 Rxb6 34. axb6 Rxc5 35. b7 Rxb5 36. Ra8+ Bf8 37. b8Q Rxb8 38. Rxb8 Qf7 39. Kh2 Qc7 40. Qb4 Qf7 41. Qb5 h6 42. Qc6 g5 43. fxg5 hxg5 44. Re8 d4 45. Rd8 f4 46. Rxd4 g4 47. Qe4 g3+ 48. Kh1 Qa7 49. Qg6+ Kh8 50. Qf6+ Kh7 51. Qh4+ Kg8 52. Qg4+ Kh8 53. Rd1 Bh6 54. Rd8+ Kh7 55. Qg8# 1-0

[Event "Arad op 13th"]
[White "Ursan, Petru Sebastian"]
[Black "Carasca, Bogdan Petru"]
[Site "Arad"]
[Round "8"]
[Result "1/2-1/2"]
[Date "2020.09.30"]
[WhiteElo "2248"]
[BlackElo "2132"]
[PlyCount "102"]
[EventDate "2020.09.25"]
[EventType "swiss"]
[EventRounds "9"]
[EventCountry "ROU"]
[SourceTitle "CBM 198 Extra"]
[Source "ChessBase"]
[SourceDate "2020.11.30"]
[SourceVersion "1"]
[SourceVersionDate "2020.11.30"]
[SourceQuality "1"]

1. d4 Nf6 2. Nf3 g6 3. g3 Bg7 4. c4 0-0 5. Bg2 c6 6. 0-0 d5 7. cxd5 cxd5 8. Nc3 Nc6 9. Ne5 e6 10. Nxc6 bxc6 11. Bf4 Nh5 12. Be3 a5 13. Rc1 Ba6 14. Na4 Bb5 15. Nc5 a4 16. Qd2 Nf6 17. Bg5 Qc8 18. Bf3 Re8 19. h4 Nd7 20. h5 e5 21. Bh6 Nxc5 22. Bxg7 Kxg7 23. h6+ Kg8 24. Rxc5 e4 25. Bg2 Qe6 26. Rfc1 f5 27. Qg5 Qe7 28. Qf4 Qf6 29. e3 g5 30. Qc7 Qxh6 31. Bf1 Rac8 32. Qd7 Rcd8 33. Qxf5 Rf8 34. Qh3 Qf6 35. R1c2 Bxf1 36. Kxf1 Rd6 37. Qg4 Qg6 38. Kg1 h5 39. Qh3 h4 40. Qg4 hxg3 41. Qxg3 Rff6 42. Qg4 Qh7 43. Qc8+ Rf8 44. Rxc6 Qh5 45. Rxd6 Rxc8 46. Rxc8+ Kf7 47. Rc7+ Ke8 48. Rxd5 Qd1+ 49. Kg2 Qg4+ 50. Kf1 Qd1+ 51. Kg2 Qg4+ 1/2-1/2

[Event "Satu Mare Foisor rapid 3rd"]
[White "Carasca, Bogdan Petru"]
[Black "Rusan, Paul Cristian"]
[Site "Satu Mare"]
[Round "5"]
[Result "0-1"]
[Date "2020.01.18"]
[WhiteElo "2123"]
[BlackElo "2106"]
[PlyCount "118"]
[EventDate "2020.01.18"]
[EventType "swiss (rapid)"]
[EventRounds "10"]
[EventCountry "ROU"]
[SourceTitle "CBM 194 Extra"]
[Source "ChessBase"]
[SourceDate "2020.03.31"]
[SourceVersion "1"]
[SourceVersionDate "2020.03.31"]
[SourceQuality "1"]

1. d4 d6 2. c4 e5 3. Nf3 e4 4. Ng5 f5 5. Nc3 Be7 6. Nh3 Nf6 7. Bg5 0-0 8. Nf4 e3 9. fxe3 c6 10. g3 Ng4 11. Bxe7 Qxe7 12. Qd3 Nxe3 13. Ng2 Ng4 14. h3 Nf6 15. 0-0-0 Na6 16. e3 Bd7 17. Be2 Rae8 18. a3 Nc7 19. Bf3 Ne4 20. Bxe4 fxe4 21. Qe2 Rf3 22. g4 Ref8 23. Rdf1 Qf7 24. Nf4 g5 25. Nxe4 Rxf1+ 26. Rxf1 gxf4 27. Rxf4 Qe7 28. Rxf8+ Qxf8 29. g5 Ne8 30. h4 d5 31. Nc5 Bc8 32. cxd5 cxd5 33. Nd3 Bf5 34. Nf4 Be4 35. Qg4 Qe7 36. Kd2 Nd6 37. g6 Nc4+ 38. Ke1 hxg6 39. Nxg6 Bxg6 40. Qxg6+ Kf8 41. Qh6+ Kf7 42. Qh5+ Kg7 43. Qxd5 Qxe3+ 44. Kf1 Nd2+ 45. Kg2 Qe2+ 46. Kh3 Qf3+ 47. Qxf3 Nxf3 48. d5 Kf6 49. Kg4 Nxh4 50. Kxh4 Ke5 51. d6 Kxd6 52. Kg4 Kd5 53. Kf5 a5 54. b3 b5 55. a4 b4 56. Kf6 Kd4 57. Ke6 Kc3 58. Kd5 Kxb3 59. Kc5 Kxa4 0-1

[Event "ROM-chT div-A"]
[White "Carasca, Bogdan Petru"]
[Black "Jianu, Vlad Cristian"]
[Site "Mamaia"]
[Round "9.2"]
[Result "0-1"]
[Date "2019.09.29"]
[WhiteElo "2142"]
[BlackElo "2529"]
[PlyCount "70"]
[EventDate "2019.09.21"]
[EventType "team-tourn"]
[EventRounds "9"]
[EventCountry "ROU"]
[SourceTitle "EXT 2020"]
[Source "ChessBase"]
[SourceDate "2019.10.17"]
[SourceVersion "1"]
[SourceVersionDate "2019.10.17"]
[SourceQuality "1"]
[WhiteTeam "Ineu"]
[BlackTeam "Ghiroda Si Giarmata VII"]
[WhiteTeamCountry "ROU"]
[BlackTeamCountry "ROU"]

1. d4 Nf6 2. c4 e6 3. Nc3 Bb4 4. Qc2 d6 5. Nf3 Nc6 6. a3 Bxc3+ 7. Qxc3 0-0 8. g3 e5 9. d5 Ne7 10. Bg2 b5 11. b3 bxc4 12. bxc4 c6 13. dxc6 Qc7 14. 0-0 Nxc6 15. Rd1 h6 16. h3 Ba6 17. e3 Rac8 18. Bb2 Na5 19. Nd2 Nxc4 20. Nxc4 Bxc4 21. f4 Rfe8 22. fxe5 dxe5 23. Rac1 Qb6 24. Kh2 Be6 25. Qd2 Rcd8 26. Qe2 Bd5 27. e4 Ba8 28. Rxd8 Qxd8 29. Rc5 Qd6 30. Qb5 Qd2 31. Bxe5 Bxe4 32. Qb2 Qxb2 33. Bxb2 Bxg2 34. Bxf6 Re2 35. Be5 Bd5+ 0-1

[Event "ROM-chT div-A"]
[White "Gheorghiu, Calin"]
[Black "Carasca, Bogdan Petru"]
[Site "Mamaia"]
[Round "8.5"]
[Result "1-0"]
[Date "2019.09.28"]
[WhiteElo "2315"]
[BlackElo "2142"]
[PlyCount "101"]
[EventDate "2019.09.21"]
[EventType "team-tourn"]
[EventRounds "9"]
[EventCountry "ROU"]
[SourceTitle "EXT 2020"]
[Source "ChessBase"]
[SourceDate "2019.10.17"]
[SourceVersion "1"]
[SourceVersionDate "2019.10.17"]
[SourceQuality "1"]
[WhiteTeam "Buzau Gloria"]
[BlackTeam "Ineu"]
[WhiteTeamCountry "ROU"]
[BlackTeamCountry "ROU"]

1. Nf3 Nf6 2. c4 g6 3. Nc3 d5 4. cxd5 Nxd5 5. h4 Bg7 6. h5 Nc6 7. d4 Bg4 8. hxg6 hxg6 9. Rxh8+ Bxh8 10. e3 Qd7 11. e4 Nb6 12. d5 Nd4 13. Be3 e5 14. Be2 Bxf3 15. gxf3 c6 16. Bxd4 exd4 17. Na4 Kf8 18. dxc6 Qxc6 19. Nxb6 Qxb6 20. Rc1 Bf6 21. Qb3 Qa5+ 22. Kd1 d3 23. Bxd3 Rd8 24. Ke2 Kg7 25. Rc4 Rh8 26. Ra4 Qc5 27. Qc4 Qe5 28. Rb4 b6 29. Rb5 Qe7 30. Rd5 Rh2 31. Bc2 Be5 32. Rd1 Qh4 33. Rf1 Qf4 34. b4 Rh3 35. Qd3 Qf6 36. Bb3 Bf4 37. Rd1 Rh8 38. Qc4 b5 39. Qd4 Be5 40. Qxa7 Rh3 41. Qe3 Bf4 42. Qd3 Rh2 43. Qd4 Be5 44. Qd7 Bg3 45. Rf1 Qb2+ 46. Kd3 Bxf2 47. Qxf7+ Kh6 48. Qf4+ Kg7 49. Qc7+ Kf6 50. Qxh2 Qd4+ 51. Kc2 1-0

[Event "ROM-ch U18"]
[White "Stan, Andrei Mihaita"]
[Black "Carasca, Bogdan Petru"]
[Site "Calimanesti Caciulata"]
[Round "9"]
[Result "0-1"]
[Date "2019.04.22"]
[WhiteElo "1918"]
[BlackElo "2221"]
[PlyCount "120"]
[EventDate "2019.04.15"]
[EventType "swiss"]
[EventRounds "9"]
[EventCountry "ROU"]
[SourceTitle "CBM 190 Extra"]
[Source "ChessBase"]
[SourceDate "2019.07.15"]
[SourceVersion "1"]
[SourceVersionDate "2019.07.15"]
[SourceQuality "1"]

1. d4 Nf6 2. c4 g6 3. Nc3 d5 4. cxd5 Nxd5 5. e4 Nxc3 6. bxc3 Bg7 7. Nf3 c5 8. Rb1 Nc6 9. d5 Bxc3+ 10. Bd2 Bxd2+ 11. Qxd2 Nd4 12. Nxd4 cxd4 13. Qxd4 0-0 14. Be2 Qa5+ 15. Qd2 Qa3 16. 0-0 b6 17. Rfc1 Bd7 18. Rb3 Qd6 19. e5 Qxe5 20. Ba6 Rfd8 21. Qb4 Bc8 22. Re3 Qd6 23. Qxd6 exd6 24. Bb5 Bb7 25. Bc6 Rac8 26. Re7 Bxc6 27. dxc6 Re8 28. Rxa7 Rxc6 29. Rd1 Rc2 30. Ra3 Ree2 31. Rf3 Rxa2 32. g3 Ra7 33. Rb3 Rb7 34. Rxd6 Re6 35. Rxe6 fxe6 36. Kg2 b5 37. Kf3 b4 38. Ke4 Kf7 39. Ke5 Ke7 40. f3 Rb8 41. h3 Rb7 42. Kd4 Kd6 43. Kc4 Ke5 44. Re3+ Kf5 45. Kb3 e5 46. Re4 Rd7 47. Kc4 b3 48. Re2 Rb7 49. Rb2 e4 50. f4 h5 51. Kd4 h4 52. Ke3 hxg3 53. h4 Rb4 54. Ke2 Kxf4 55. Kf1 Kf3 56. h5 gxh5 57. Kg1 e3 58. Kf1 Rc4 59. Rf2+ Ke4 60. Rb2 Rc1+ 0-1

[Event "ROM-ch U18"]
[White "Carasca, Bogdan Petru"]
[Black "Farcadi, Hunor"]
[Site "Calimanesti Caciulata"]
[Round "6"]
[Result "1/2-1/2"]
[Date "2019.04.19"]
[WhiteElo "2221"]
[BlackElo "2046"]
[PlyCount "96"]
[EventDate "2019.04.15"]
[EventType "swiss"]
[EventRounds "9"]
[EventCountry "ROU"]
[SourceTitle "CBM 190 Extra"]
[Source "ChessBase"]
[SourceDate "2019.07.15"]
[SourceVersion "1"]
[SourceVersionDate "2019.07.15"]
[SourceQuality "1"]

1. d4 d5 2. c4 c6 3. Nf3 Nf6 4. Nc3 g6 5. g3 Bg7 6. Bg2 0-0 7. cxd5 cxd5 8. Ne5 e6 9. 0-0 Nbd7 10. f4 a6 11. Kh1 b5 12. a3 Bb7 13. e3 Ne4 14. Bd2 Rc8 15. Nxe4 dxe4 16. Bb4 Re8 17. Nxd7 Qxd7 18. Qd2 Bf8 19. Bxf8 Rxf8 20. Rfc1 Rxc1+ 21. Rxc1 Rc8 22. Rxc8+ Qxc8 23. g4 Qc4 24. g5 Bd5 25. Kg1 h6 26. h4 h5 27. Kf2 Kf8 28. Bf1 Qb3 29. Be2 Bc4 30. Bd1 Qa2 31. Qc1 Bb3 32. Be2 Bc4 33. Ke1 Bxe2 34. Kxe2 Qb3 35. Qc3 Qxc3 36. bxc3 Ke7 37. Kd2 Kd6 38. c4 bxc4 39. Kc3 Kd7 40. Kxc4 Kc6 41. Kb4 Kb6 42. Ka4 Kc6 43. Ka5 Kb7 44. a4 Ka7 45. Kb4 Kb6 46. a5+ Kc6 47. Kc4 Kd6 48. Kb4 Kd5 1/2-1/2

[Event "ROM-ch"]
[White "Craciun, Ovidiu"]
[Black "Carasca, Bogdan Petru"]
[Site "Olanesti"]
[Round "7"]
[Result "1-0"]
[Date "2019.03.08"]
[WhiteElo "1973"]
[BlackElo "2176"]
[PlyCount "91"]
[EventDate "2019.03.02"]
[EventType "swiss"]
[EventRounds "9"]
[EventCountry "ROU"]
[SourceTitle "CBM 189 Extra"]
[Source "ChessBase"]
[SourceDate "2019.05.31"]
[SourceVersion "1"]
[SourceVersionDate "2019.05.31"]
[SourceQuality "1"]

1. e4 c5 2. Nf3 d6 3. d4 cxd4 4. Nxd4 Nf6 5. Nc3 a6 6. Bg5 Nbd7 7. Qe2 e6 8. 0-0-0 Qc7 9. f4 Be7 10. g4 b5 11. a3 Bb7 12. Bg2 Rc8 13. Bxf6 gxf6 14. f5 e5 15. Nb3 Nb6 16. Kb1 Rg8 17. Rd3 Nc4 18. Nd5 Bxd5 19. Rxd5 Ne3 20. Rd2 Qb6 21. Bf3 Nc4 22. Rd5 Bf8 23. h4 Bh6 24. g5 fxg5 25. hxg5 Bxg5 26. Rxh7 Bf4 27. Bh5 Rc7 28. f6 Qg1+ 29. Rd1 Qg5 30. Qd3 Qxf6 31. Qd5 Rf8 32. Qa8+ Qd8 33. Qxa6 Qd7 34. Rd5 b4 35. axb4 Ke7 36. Nc5 Nd2+ 37. Rxd2 Rxc5 38. bxc5 Bxd2 39. cxd6+ Kf6 40. Qd3 Bf4 41. Qd5 Qa7 42. d7 Qg1+ 43. Bd1 Qb6 44. d8Q+ Qxd8 45. Rxf7+ Kg6 46. Qe6+ 1-0

[Event "ROM-ch"]
[White "Manea, Alexandru"]
[Black "Carasca, Bogdan Petru"]
[Site "Olanesti"]
[Round "4"]
[Result "0-1"]
[Date "2019.03.05"]
[WhiteElo "2357"]
[BlackElo "2176"]
[PlyCount "98"]
[EventDate "2019.03.02"]
[EventType "swiss"]
[EventRounds "9"]
[EventCountry "ROU"]
[SourceTitle "CBM 189 Extra"]
[Source "ChessBase"]
[SourceDate "2019.05.31"]
[SourceVersion "1"]
[SourceVersionDate "2019.05.31"]
[SourceQuality "1"]

1. e4 c5 2. Nf3 d6 3. d4 cxd4 4. Nxd4 Nf6 5. Nc3 a6 6. Be3 e5 7. Nde2 Be7 8. f4 0-0 9. f5 Nbd7 10. Ng3 b5 11. a3 Bb7 12. Bd3 Qc7 13. Qe2 d5 14. Nxd5 Nxd5 15. exd5 Nf6 16. 0-0 Bxd5 17. Bg5 e4 18. Bxf6 Bxf6 19. Bxe4 Bxe4 20. Nxe4 Bxb2 21. Ra2 Qe5 22. f6 Bd4+ 23. Kh1 Rfe8 24. Qg4 g6 25. c3 Qxe4 26. Qxe4 Rxe4 27. cxd4 Rxd4 28. Rc2 Rd7 29. Rc6 h6 30. h3 Kh7 31. Rf3 g5 32. Rb6 Kg6 33. Rc3 Rd4 34. Kh2 Rf4 35. Rcc6 Ra4 36. Rc3 Re8 37. Rf3 Re5 38. g4 Ree4 39. Kg2 Rf4 40. Rxf4 gxf4 41. Kf3 Kg5 42. h4+ Kxh4 43. Rb7 Kg5 44. Rxf7 Rxa3+ 45. Kf2 Kg6 46. Rf8 b4 47. f7 b3 48. Rh8 Kxf7 49. Rxh6 Ra5 0-1

[Event "ROM-ch"]
[White "Dumitru, Matei Ioan"]
[Black "Carasca, Bogdan Petru"]
[Site "Olanesti"]
[Round "2"]
[Result "1/2-1/2"]
[Date "2019.03.03"]
[WhiteElo "2243"]
[BlackElo "2176"]
[PlyCount "120"]
[EventDate "2019.03.02"]
[EventType "swiss"]
[EventRounds "9"]
[EventCountry "ROU"]
[SourceTitle "CBM 189 Extra"]
[Source "ChessBase"]
[SourceDate "2019.05.31"]
[SourceVersion "1"]
[SourceVersionDate "2019.05.31"]
[SourceQuality "1"]

1. e4 c5 2. Nf3 d6 3. d4 cxd4 4. Nxd4 Nf6 5. Nc3 a6 6. h3 e6 7. g4 d5 8. Nde2 Bb4 9. a3 Bxc3+ 10. Nxc3 Nxe4 11. Nxe4 dxe4 12. Qxd8+ Kxd8 13. Bg2 f5 14. Bg5+ Ke8 15. 0-0-0 Nc6 16. Rhe1 h6 17. Bd2 Kf7 18. gxf5 exf5 19. f3 exf3 20. Bxf3 Rd8 21. Bc3 Rxd1+ 22. Kxd1 Bd7 23. Bd5+ Kf8 24. h4 Rd8 25. Kc1 Be8 26. Be6 g6 27. h5 Nd4 28. Bb4+ Kg7 29. Be7 Ra8 30. Bd5 Bc6 31. Bc4 Re8 32. hxg6 Nf3 33. Re2 Kxg6 34. Re6+ Kh7 35. Re3 Be4 36. Bd6 Rd8 37. Bb4 h5 38. Be2 Nd4 39. Bxh5 Rg8 40. Bc3 Rg1+ 41. Re1 Rxe1+ 42. Bxe1 Nxc2 43. Bf2 f4 44. Kd2 Kg7 45. Bd1 Ne3 46. Bxe3 fxe3+ 47. Kxe3 Bc6 48. Kd4 Kf6 49. Kc5 Ke7 50. Bg4 Kd8 51. Kb6 Bh1 52. a4 Bg2 53. a5 Bh1 54. b4 Be4 55. Bh3 Bf3 56. Be6 Bg2 57. Bc4 Bf3 58. Bxa6 bxa6 59. Kxa6 Kc7 60. Ka7 Be2 1/2-1/2

[Event "Arad op 11th"]
[White "Stoleriu, George"]
[Black "Carasca, Bogdan Petru"]
[Site "Arad"]
[Round "6"]
[Result "1-0"]
[Date "2018.08.09"]
[WhiteElo "2392"]
[BlackElo "1993"]
[PlyCount "119"]
[EventDate "2018.08.05"]
[EventType "swiss"]
[EventRounds "9"]
[EventCountry "ROU"]
[SourceTitle "CBM 185 Extra"]
[Source "ChessBase"]
[SourceDate "2018.07.29"]
[SourceVersion "1"]
[SourceVersionDate "2018.07.29"]
[SourceQuality "1"]

1. e4 c5 2. Nc3 e6 3. Nf3 d6 4. d4 cxd4 5. Nxd4 a6 6. f4 Nf6 7. Qf3 Qb6 8. Nb3 Qc7 9. Bd3 Be7 10. Be3 Nbd7 11. 0-0 0-0 12. a4 b6 13. Rae1 Bb7 14. Qh3 e5 15. fxe5 Nxe5 16. Bd4 Rfe8 17. Nd5 Bxd5 18. exd5 Nxd3 19. Qxd3 Nd7 20. Bxg7 Kxg7 21. Rxf7+ Kxf7 22. Qxh7+ Kf8 23. Rf1+ Nf6 24. Rxf6+ Bxf6 25. Qxc7 Re1+ 26. Kf2 Rae8 27. Qxd6+ Kg7 28. Qg3+ Kh8 29. Qh3+ Kg8 30. Qg4+ Kf8 31. Qb4+ R1e7 32. Nd2 a5 33. Qc4 Bg5 34. Nf3 Be3+ 35. Kf1 Bc5 36. Qf4+ Rf7 37. Qh6+ Ke7 38. Qe6+ Kf8 39. Qg6 Rfe7 40. Qd3 Re3 41. Qd2 R8e4 42. c3 Ke7 43. Nd4 Rf4+ 44. Kg1 Ree4 45. g3 Rf5 46. Qd3 Rfe5 47. Kg2 Kd7 48. Qb5+ Kc8 49. Qa6+ Kd7 50. Qb5+ Kd6 51. Qc6+ Ke7 52. Ne6 Re2+ 53. Kh3 Rh5+ 54. Kg4 Rhxh2 55. Qc7+ Ke8 56. Qd8+ Kf7 57. Ng5+ Kg7 58. d6 Ref2 59. Ne6+ Kf7 60. Qe7+ 1-0

[Event "ROM-ch U18"]
[White "Dumitru, Matei Ioan"]
[Black "Carasca, Bogdan Petru"]
[Site "Calimanesti"]
[Round "6"]
[Result "1-0"]
[Date "2018.03.31"]
[WhiteElo "2132"]
[BlackElo "2041"]
[PlyCount "57"]
[EventDate "2018.03.27"]
[EventType "swiss"]
[EventRounds "9"]
[EventCountry "ROU"]
[SourceTitle "CBM 183 Extra"]
[Source "ChessBase"]
[SourceDate "2018.04.19"]
[SourceVersion "1"]
[SourceVersionDate "2018.04.19"]
[SourceQuality "1"]

1. e4 c5 2. Nc3 d6 3. f4 Nc6 4. Nf3 g6 5. Bb5 Bd7 6. d3 Bg7 7. 0-0 Nf6 8. Bc4 0-0 9. f5 Na5 10. fxg6 hxg6 11. Qe1 Nxc4 12. dxc4 Ng4 13. Qh4 f6 14. Nd5 Ne5 15. Nxe5 dxe5 16. Be3 e6 17. Nc3 b6 18. Rad1 Qe7 19. Qg4 Qf7 20. Rd6 f5 21. Qd1 Rfd8 22. exf5 gxf5 23. Bg5 Bf8 24. Rd3 Be7 25. Bxe7 Qxe7 26. Rg3+ Kf8 27. Qh5 Qf7 28. Qh6+ Ke8 29. Rg7 1-0

[Event "ROM-ch U18"]
[White "Carasca, Bogdan Petru"]
[Black "David, Cristian"]
[Site "Calimanesti"]
[Round "4"]
[Result "1-0"]
[Date "2018.03.29"]
[WhiteElo "2041"]
[BlackElo "1879"]
[PlyCount "67"]
[EventDate "2018.03.27"]
[EventType "swiss"]
[EventRounds "9"]
[EventCountry "ROU"]
[SourceTitle "CBM 183 Extra"]
[Source "ChessBase"]
[SourceDate "2018.04.19"]
[SourceVersion "1"]
[SourceVersionDate "2018.04.19"]
[SourceQuality "1"]

1. Nf3 d5 2. c4 c6 3. b3 Bg4 4. g3 Nd7 5. Bg2 Ngf6 6. d3 e6 7. Bb2 Bxf3 8. Bxf3 Bd6 9. Nd2 0-0 10. 0-0 Re8 11. Bg2 e5 12. Qc2 Rc8 13. a3 b5 14. b4 a5 15. Qb3 a4 16. Qc2 Bb8 17. Rfc1 Nb6 18. cxb5 cxb5 19. Qd1 Re6 20. Rxc8 Qxc8 21. Bh3 g5 22. Rc1 Qe8 23. Bxe6 Qxe6 24. Nf3 h6 25. Qc2 Nfd7 26. Qc6 Qxc6 27. Rxc6 f6 28. Nd2 Kf7 29. Nb1 d4 30. Nd2 Nd5 31. Ne4 Ke7 32. Kf1 N5b6 33. Nxf6 Bd6 34. Ne4 1-0

[Event "Arad op 10th"]
[White "Nevednichy, Vladislav"]
[Black "Carasca, Bogdan Petru"]
[Site "Arad"]
[Round "1"]
[Result "1-0"]
[Date "2017.08.06"]
[WhiteElo "2525"]
[BlackElo "1979"]
[PlyCount "87"]
[EventDate "2017.08.06"]
[EventType "swiss"]
[EventRounds "9"]
[EventCountry "ROU"]
[SourceTitle "CBM 179 Extra"]
[Source "ChessBase"]
[SourceDate "2017.08.23"]
[SourceVersion "1"]
[SourceVersionDate "2017.08.23"]
[SourceQuality "1"]

1. e4 c5 2. Na3 Nf6 3. e5 Nd5 4. Nf3 d6 5. d4 cxd4 6. Qxd4 dxe5 7. Bb5+ Nc6 8. Nxe5 Qa5+ 9. Qd2 Qxd2+ 10. Bxd2 Bd7 11. Nxd7 Kxd7 12. 0-0-0 Kc7 13. Bc4 e6 14. Bxd5 exd5 15. Bf4+ Kb6 16. Rxd5 Bxa3 17. bxa3 Rad8 18. Rhd1 Rxd5 19. Rxd5 Rd8 20. Rh5 h6 21. a4 a6 22. a5+ Ka7 23. h4 Ne7 24. Re5 Ng6 25. Be3+ Kb8 26. Re4 h5 27. Bb6 Rg8 28. g3 Kc8 29. Rc4+ Kb8 30. Rc5 Rh8 31. Rg5 Kc8 32. f4 Kd7 33. Rc5 Rc8 34. Rxh5 Ne7 35. Rh7 Rg8 36. h5 Ke6 37. c4 Kf5 38. Bd4 Kg4 39. Bxg7 Kf3 40. Bc3 Ke3 41. Rxf7 Re8 42. h6 Kd3 43. Kb2 Ng6 44. h7 1-0

[Event "ROM-ch U16"]
[White "Calin, Alexandru"]
[Black "Carasca, Bogdan Petru"]
[Site "Calimanesti Caciulata"]
[Round "6"]
[Result "0-1"]
[Date "2016.04.22"]
[WhiteElo "2066"]
[BlackElo "1878"]
[PlyCount "132"]
[EventDate "2016.04.18"]
[EventType "swiss"]
[EventRounds "9"]
[EventCountry "ROU"]
[SourceTitle "CBM 172 Extra"]
[Source "ChessBase"]
[SourceDate "2016.06.21"]
[SourceVersion "1"]
[SourceVersionDate "2016.06.21"]
[SourceQuality "1"]

1. d4 Nf6 2. c4 e6 3. Nf3 c5 4. d5 exd5 5. cxd5 d6 6. Nc3 g6 7. h3 Bg7 8. Bf4 0-0 9. e3 b6 10. Nd2 Ba6 11. Nc4 Ne8 12. a4 Bxc4 13. Bxc4 a6 14. 0-0 Nd7 15. Re1 Ne5 16. Bf1 Nc7 17. Bh2 f5 18. Qd2 Rb8 19. e4 fxe4 20. Nxe4 Qd7 21. a5 Nf7 22. axb6 Rxb6 23. Ra2 Rfb8 24. Nc3 Bd4 25. Bc4 Ne5 26. Bxe5 Bxe5 27. Ne4 Rxb2 28. Qg5 Rxa2 29. Bxa2 Qf5 30. Qxf5 gxf5 31. Ng5 Rb2 32. Bc4 a5 33. Nf3 Bf6 34. Ra1 Rb4 35. Rc1 a4 36. Ne1 Bb2 37. Rc2 a3 38. Ba2 Rd4 39. Kf1 Nb5 40. Nf3 Rb4 41. Nd2 Nc3 42. Rxc3 Bxc3 43. Nc4 Rb8 44. Ke2 Re8+ 45. Kd3 Bb2 46. Nxd6 Re1 47. Kc4 Ra1 48. Kb3 f4 49. Nc4 Rf1 50. f3 Rd1 51. d6 Kf8 52. Nxa3 Bxa3 53. Kxa3 Rxd6 54. Bb1 h5 55. Kb3 Kg7 56. Kc4 Rd2 57. Kxc5 Rxg2 58. Kd4 Kf6 59. Be4 Re2 60. Bb7 Kg5 61. Bc8 Re3 62. Bb7 Kh4 63. Be4 Kxh3 64. Ke5 Kg3 65. Kf5 Rxe4 66. fxe4 f3 0-1

[Event "Arad op 8th"]
[White "Carasca, Bogdan Petru"]
[Black "Enchev, Ivajlo"]
[Site "Arad"]
[Round "3"]
[Result "0-1"]
[Date "2015.08.07"]
[WhiteElo "1748"]
[BlackElo "2420"]
[PlyCount "114"]
[EventDate "2015.08.06"]
[EventType "swiss"]
[EventRounds "9"]
[EventCountry "ROU"]
[SourceTitle "CBM 167 Extra"]
[Source "ChessBase"]
[SourceDate "2015.09.14"]
[SourceVersion "1"]
[SourceVersionDate "2015.09.14"]
[SourceQuality "1"]

1. d4 Nf6 2. c4 e6 3. Nc3 Bb4 4. f3 d5 5. a3 Bxc3+ 6. bxc3 c6 7. e3 0-0 8. Bd3 b6 9. cxd5 exd5 10. Ne2 Re8 11. 0-0 Ba6 12. Ng3 c5 13. dxc5 bxc5 14. Bxa6 Nxa6 15. Qc2 c4 16. Rd1 Nc5 17. Ne2 Qc7 18. Nd4 Re5 19. Rb1 Rh5 20. g3 Nd3 21. Bd2 Re8 22. Qa4 Qc8 23. f4 Ne4 24. f5 Rf8 25. Be1 Nxe1 26. Rxe1 Nxc3 27. Qxa7 Nxb1 28. Rxb1 Qe8 29. Re1 Qe4 30. a4 Qd3 31. Qd7 Qd2 32. Re2 Qd1+ 33. Kg2 g6 34. Rf2 c3 35. fxg6 hxg6 36. Ne6 Rf5 37. Rxf5 gxf5 38. Nxf8 Qe2+ 39. Kh3 c2 40. Qd8 Qg4+ 41. Kg2 Qe2+ 42. Kh3 Qf1+ 43. Kh4 Qc4+ 44. Kh3 Qg4+ 45. Kg2 Qe4+ 46. Kh3 Kg7 47. Qg5+ Kxf8 48. Qd8+ Qe8 49. Qc7 Qxa4 50. Qd8+ Qe8 51. Qd6+ Kg7 52. Qc5 Qe4 53. Qc3+ d4 54. exd4 Qg4+ 55. Kg2 Qe2+ 56. Kh3 Qf1+ 57. Kh4 c1Q 0-1

[Event "ROM-ch U14"]
[White "Ciorgovean, Iustin"]
[Black "Carasca, Bogdan Petru"]
[Site "Calimanesti"]
[Round "9"]
[Result "1-0"]
[Date "2015.04.06"]
[WhiteElo "1729"]
[BlackElo "1724"]
[PlyCount "43"]
[EventDate "2015.03.30"]
[EventType "swiss"]
[EventRounds "9"]
[EventCountry "ROU"]
[SourceTitle "EXT 2016"]
[Source "ChessBase"]
[SourceDate "2015.10.08"]
[SourceVersion "1"]
[SourceVersionDate "2015.10.08"]
[SourceQuality "1"]

1. d4 Nf6 2. c4 g6 3. Nf3 Bg7 4. g3 d5 5. cxd5 Nxd5 6. Bg2 0-0 7. 0-0 Nb6 8. Nc3 Nc6 9. e3 e5 10. dxe5 Nxe5 11. Nxe5 Bxe5 12. Qc2 c6 13. b3 Qf6 14. Bb2 Qg7 15. f4 Bf6 16. e4 Bd4+ 17. Kh1 a5 18. Rad1 a4 19. Rxd4 Qxd4 20. Nd5 axb3 21. Ne7+ Kg7 22. Bxd4+ 1-0

[Event "ROM-ch U14"]
[White "Szocs, Teodor Iulian"]
[Black "Carasca, Bogdan Petru"]
[Site "Calimanesti"]
[Round "7"]
[Result "1/2-1/2"]
[Date "2015.04.04"]
[WhiteElo "2014"]
[BlackElo "1724"]
[PlyCount "220"]
[EventDate "2015.03.30"]
[EventType "swiss"]
[EventRounds "9"]
[EventCountry "ROU"]
[SourceTitle "CBM 165 Extra"]
[Source "ChessBase"]
[SourceDate "2015.04.21"]
[SourceVersion "1"]
[SourceVersionDate "2015.04.21"]
[SourceQuality "1"]

1. e4 c5 2. d4 cxd4 3. c3 e5 4. cxd4 exd4 5. Qxd4 Nc6 6. Qd1 Bb4+ 7. Nc3 Nf6 8. Bd3 0-0 9. Nge2 d5 10. exd5 Nxd5 11. 0-0 Nxc3 12. Nxc3 Qa5 13. Nd5 Rd8 14. Qh5 Qxd5 15. Qxh7+ Kf8 16. Qh8+ Ke7 17. Qxg7 Rd6 18. Bf4 Qxd3 19. Bg5+ Ke6 20. Qf6+ Kd5 21. Qxf7+ Kc5 22. a3 Bd2 23. b4+ Kb6 24. Bxd2 Qxd2 25. b5 Ne5 26. Qe7 Qd5 27. a4 Rd7 28. Qb4 Kc7 29. a5 Rg7 30. b6+ Kb8 31. f3 Nc6 32. Qf4+ Qe5 33. bxa7+ Rxa7 34. Qf8 Qg5 35. Qd6+ Ka8 36. g3 Rd7 37. Qe6 Qh5 38. a6 Qxh2+ 39. Kxh2 Rd2+ 40. Kg1 Bxe6 41. axb7+ Kxb7 42. Rxa7+ Nxa7 43. Rf2 Rxf2 44. Kxf2 Kc6 45. g4 Kd6 46. Kg3 Ke7 47. f4 Kf6 48. f5 Bd7 49. Kf4 Nc6 50. g5+ Kf7 51. g6+ Kf6 52. g7 Kxg7 53. Kg5 Nd4 54. f6+ Kf7 55. Kh6 Kxf6 56. Kh7 Be6 57. Kh8 Nc6 58. Kh7 Ne7 59. Kh8 Ng6+ 60. Kh7 Bd5 61. Kh6 Nf8 62. Kh5 Be6 63. Kh6 Bf5 64. Kh5 Ne6 65. Kh4 Bg6 66. Kg3 Kg5 67. Kf3 Kf5 68. Ke3 Ke5 69. Kd2 Kd4 70. Kc1 Kc3 71. Kd1 Nf4 72. Ke1 Kd3 73. Kf2 Ke4 74. Kg3 Ne2+ 75. Kg4 Nf4 76. Kg5 Ke5 77. Kh6 Kf5 78. Kg7 Kg5 79. Kh8 Kf6 80. Kg8 Ne6 81. Kh8 Ng5 82. Kg8 Nf7 83. Kf8 Bf5 84. Kg8 Bd3 85. Kf8 Be4 86. Kg8 Bf5 87. Kf8 Nh6 88. Ke8 Ng4 89. Kf8 Be6 90. Ke8 Ne3 91. Kf8 Nd5 92. Ke8 Nf4 93. Kf8 Ng6+ 94. Ke8 Ke5 95. Kd8 Kd6 96. Ke8 Bd5 97. Kd8 Bf7 98. Kc8 Nf8 99. Kb7 Nd7 100. Ka6 Kc5 101. Kb7 Ne5 102. Kc7 Bg6 103. Kb7 Be8 104. Kc7 Bc6 105. Kd8 Kd6 106. Kc8 Nf7 107. Kb8 Kc5 108. Ka7 Kb5 109. Kb8 Kb6 110. Kc8 Bb5 1/2-1/2